Normal view MARC view

Entry Nombre personal

Number of records used in: 67

001 - NÚMERO DE CONTROL

  • campo de control: 74682

003 - IDENTIFICADOR DE NÚMERO DE CONTROL

  • campo de control: OSt

005 - FECHA Y HORA DE LA ÚLTIMA TRANSACCIÓN

  • campo de control: 20240605122608.0

008 - ELEMENTOS DE DATO DE LONGITUD-FIJA

  • campo de control de longitud fija: 920306 n acnnnaaan n ann d

040 ## - FUENTE DE CATALOGACIÓN

  • Centro catalogador/agencia de origen: OSt
  • Centro/agencia transcriptor: OSt

100 1# - ENCABEZAMIENTO-NOMBRE DE PERSONA

  • Nombre de persona: Luis, Leopoldo de,
  • Fechas asociadas al nombre: 1918-2005

400 1# - TRAZADO DE VÉASE--NOMBRE DE PERSONA

  • Nombre de persona: Urrutia , Leopoldo (
  • Fechas asociadas al nombre: 1918-2005)

400 1# - TRAZADO DE VÉASE--NOMBRE DE PERSONA

  • Nombre de persona: Urrutia de Luis, Leopoldo (
  • Fechas asociadas al nombre: 1918-2005)